UM Logo

From space to earth: (Record no. 4777)

MARC details
000 -LEADER
fixed length control field 01125cam a22002894a 4500
001 - CONTROL NUMBER
control field 12841630
005 - DATE AND TIME OF LATEST TRANSACTION
control field 20160923112245.0
008 - FIXED-LENGTH DATA ELEMENTS--GENERAL INFORMATION
fixed length control field 020703r20021999maua b 001 0 eng
010 ## - LIBRARY OF CONGRESS CONTROL NUMBER
LC control number 2002027606
020 ## - INTERNATIONAL STANDARD BOOK NUMBER
International Standard Book Number 0674010132
040 ## - CATALOGING SOURCE
Original cataloging agency DLC
Transcribing agency DLC
Modifying agency DLC
042 ## - AUTHENTICATION CODE
Authentication code pcc
050 00 - LIBRARY OF CONGRESS CALL NUMBER
Classification number TK1085
Item number .P47 2002
082 00 - DEWEY DECIMAL CLASSIFICATION NUMBER
Classification number DC 621.31244
Edition number 2002
Item number P42f
100 1# - MAIN ENTRY--PERSONAL NAME
Personal name Perlin, John.
245 10 - TITLE STATEMENT
Title From space to earth:
Remainder of title the story of solar electricity/
Statement of responsibility, etc. John Perlin.
250 ## - EDITION STATEMENT
Edition statement 1st Havard University Press edition
260 ## - PUBLICATION, DISTRIBUTION, ETC. (IMPRINT)
Place of publication, distribution, etc. Cambridge, Mass.:
Name of publisher, distributor, etc. Harvard University Press,
Date of publication, distribution, etc. c2002.
300 ## - PHYSICAL DESCRIPTION
Extent xvi, 221 pages:
Other physical details illustrations;
Dimensions 24 cm.
500 ## - GENERAL NOTE
General note Originally published: Ann Arbor, MI : Aatec Publications, 1999.
504 ## - BIBLIOGRAPHY, ETC. NOTE
Bibliography, etc Includes bibliographical references and index.
650 #0 - SUBJECT ADDED ENTRY--TOPICAL TERM
Topical term or geographic name as entry element Solar power plants
General subdivision History.
650 #0 - SUBJECT ADDED ENTRY--TOPICAL TERM
Topical term or geographic name as entry element Photovoltaic power systems
General subdivision History.
906 ## - LOCAL DATA ELEMENT F, LDF (RLIN)
a 7
b cbc
c orignew
d 1
e ocip
f 20
g y-gencatlg
942 ## - ADDED ENTRY ELEMENTS (KOHA)
Source of classification or shelving scheme Dewey Decimal Classification
Koha item type Circulation
Holdings
Withdrawn status Lost status Source of classification or shelving scheme Damaged status Not for loan Collection code Home library Current library Date acquired Source of acquisition Total Checkouts Full call number Barcode Date last seen Price effective from Koha item type
    Dewey Decimal Classification     Circulation UM Digos College - LIC UM Digos College - LIC 05/30/2011 Donated   DC 621.31244 P42f 2002 21505 05/15/2025 09/23/2016 Circulation